00656nam a2200217 a 450000100060000000300080000600500170001400800410003103500190007204000360009104100080012708200250013510000280016024500720018826000390026030000240029949000310032350000180035465000330037283000330040546675BD-RjUL20211209054204.0160803s1942 ii 001 0 eng d a(BD-RjUL)46794 aMLLdEQOdBD-RjULbengcBD-RjUL aeng 223a349.54bSIL 19421 aSircar, Nripendra Nath.14aThe law of arbitration in British India /cby Nripendra Nath Sircar aCalcutta :bSubodh Kumar De,c1942 alx, 469 p. ;c25 cm aTagore law lectures v1942 aInclude index 0aArbitration and awardzIndia 0aTagore law lectures ;v1942.